| 000 | 00635nam a22002297a 4500 | ||
|---|---|---|---|
| 001 | 00028880 | ||
| 005 | 20260424123347.0 | ||
| 008 | 260424b ag ||||| |||| 00| 0 spa d | ||
| 020 | _a844310209 | ||
| 040 |
_aAR-CcCEOS _bspa _cAR-CcCEOS |
||
| 041 | _aspa | ||
| 080 | _a94:7(4) | ||
| 090 | _bSIM v.1 | ||
| 100 | 1 |
_aSimon, Edith, _d1917-2003 _91117 |
|
| 245 |
_aLa reforma : _bVolumen I / _cEdith Simon |
||
| 264 |
_aBarcelona : _bFolio, _c1995. |
||
| 300 |
_a100 p. ; _c24x18 cm. |
||
| 490 | _vAtlas culturales del mundo | ||
| 655 | 0 |
_aarte _9138 |
|
| 942 |
_2udc _cBK _n0 |
||
| 999 |
_c28922 _d28922 |
||